Gran Enciclopedia de Química Industrial teórica, práctica y analítica por los más eminentes químicos y directores de industrias de Alemania / (Record no. 185920)
[ view plain ]
| 000 -LEADER | |
|---|---|
| campo de control de longitud fija | 00869nam a2200205 i 4500 |
| 001 - NÚMERO DE CONTROL | |
| campo de control | 185920 |
| 003 - IDENTIFICADOR DE NÚMERO DE CONTROL | |
| campo de control | ES-MaACL |
| 005 - FECHA Y HORA DE LA ÚLTIMA TRANSACCIÓN | |
| campo de control | 20250815112924.0 |
| 008 - DATOS DE LONGITUD FIJA--INFORMACIÓN GENERAL | |
| campo de control de longitud fija | 160823s1930 sp |||| | spa d |
| 245 00 - MENCIÓN DEL TÍTULO | |
| Título | Gran Enciclopedia de Química Industrial teórica, práctica y analítica por los más eminentes químicos y directores de industrias de Alemania / |
| Mención de responsabilidad, etc. | directores, F. Stohmann, Bruno Kerl... [et al.] ; traducida... de la última edición alemana y refundida con sus Suplementos. |
| 260 ## - PUBLICACIÓN, DISTRIBUCIÓN, ETC. | |
| Lugar de publicación, distribución, etc. | Barcelona : |
| Nombre del editor, distribuidor, etc. | Francisco Seix, |
| Fecha de publicación, distribución, etc. | [1930] |
| 300 ## - DESCRIPCIÓN FÍSICA | |
| Extensión | 13 v. : |
| Otras características físicas | il. ; |
| Dimensiones | 27 cm. |
| 594 ## - Nota al título y mención de responsabilidad | |
| Nota al título y mención de responsabilidad | Precede al título: Química de Muspratt. |
| 650 07 - PUNTO DE ACCESO ADICIONAL DE MATERIA--TÉRMINO DE MATERIA | |
| Término de materia o nombre geográfico como elemento de entrada | Química industrial |
| Fuente del encabezamiento o término | embne |
| 9 (RLIN) | 16636 |
| 700 1# - ENTRADA AGREGADA--NOMBRE PERSONAL | |
| Nombre de persona | Stohmann, F. |
| 9 (RLIN) | 160550 |
| 700 1# - ENTRADA AGREGADA--NOMBRE PERSONAL | |
| Nombre de persona | Kerl, Bruno. |
| 9 (RLIN) | 160551 |
| 700 1# - ENTRADA AGREGADA--NOMBRE PERSONAL | |
| Nombre de persona | Muspratt, James Sheridan. |
| 9 (RLIN) | 160552 |
| 852 ## - LOCALIZACIÓN | |
| Ubicación | ES-MaACL |
| Número de control de estantería | C-12793-805 |
| Estatus retirado | Estado de pérdida | Estado de daño | No para préstamo | Colección | Biblioteca de origen | Biblioteca actual | Ubicación en estantería | Fecha de adquisición | Fuente de adquisición | Total de préstamos | Signatura topográfica completa | Código de barras | Visto por última vez | Precio de reemplazo | Tipo de ítem Koha |
|---|---|---|---|---|---|---|---|---|---|---|---|---|---|---|---|
| Colección de referencia | Biblioteca del Ateneo de Madrid | Biblioteca del Ateneo de Madrid | Sala Palomar | 23/08/2016 | C-12793-805 | 1195996 | 23/02/2023 | 23/02/2023 | Libro impreso |
